The Nation`s Voice: (Record no. 549819)
[ view plain ]
| 000 -LEADER | |
|---|---|
| fixed length control field | 00625nam a2200157Ia 4500 |
| 020 ## - INTERNATIONAL STANDARD BOOK NUMBER | |
| International Standard Book Number | 9694130689(hb) |
| 082 ## - DEWEY DECIMAL CLASSIFICATION NUMBER | |
| Classification number | 954.91 |
| Author Mark | WAH |
| -- | L-40, P-61 |
| 100 ## - MAIN ENTRY--PERSONAL NAME | |
| Personal name | Jinnah, Muhammad Ali,1876-1948. |
| 9 (RLIN) | 46490 |
| 245 ## - TITLE STATEMENT | |
| Title | The Nation`s Voice: |
| Remainder of title | deadlock, frustration and riots. |
| 260 ## - PUBLICATION, DISTRIBUTION, ETC. | |
| Place of publication, distribution, etc. | Karachi: |
| Name of publisher, distributor, etc. | Quaid-i-Azam Academy, |
| Date of publication, distribution, etc. | 2001. |
| 300 ## - PHYSICAL DESCRIPTION | |
| Extent | Vol.5. |
| 500 ## - GENERAL NOTE | |
| General note | Vol.5-- Annotated sppeeches-Statements-Interviews and Messages May 1946-February 1947. Vol.6-- March-August 1947. |
| 526 ## - STUDY PROGRAM INFORMATION NOTE | |
| Program name | 0 |
| Interest level | 0 |
| Reading level | 0 |
| Title point value | 954_910000000000000_WAH |
| 650 ## - SUBJECT ADDED ENTRY--TOPICAL TERM | |
| Topical term or geographic name entry element | Jinnah, Muhammad Ali,1876-1948 -- Addresses, Essays, Lectures, Etc. |
| 9 (RLIN) | 46491 |
| 942 ## - ADDED ENTRY ELEMENTS (KOHA) | |
| Source of classification or shelving scheme | |
| Koha item type | Book |
| Withdrawn status | Lost status | Source of classification or shelving scheme | Damaged status | Not for loan | Permanent Location | Current Location | Date acquired | Total Checkouts | Full call number | Barcode | Date last seen | Copy number | Price effective from | Koha item type |
|---|---|---|---|---|---|---|---|---|---|---|---|---|---|---|
| Military College of Engineering (MCE) | Military College of Engineering (MCE) | 10/15/2014 | 954.91 WAH | MCE-35000 | 10/15/2014 | Vol-V | 10/15/2014 | Book |
